上海市知识测验 自然地理部分 Shanghai city quiz #1 - Statistics

General Stats
  • This quiz has been taken 60 times
  • The average score is 10 of 15
Answer Stats
问题 答案 % Correct
自南向北穿过上海市中心的河流 黄浦江
100%
上海全境内的第一高峰位于哪个区 金山区
79%
浦东东南临港地区的圆形湖泊 滴水湖
79%
上海陆地部分的最高峰,上建有中国最早的现代天文台之一 佘山
77%
该河流的入海口名为 吴淞口
70%
苏州河是哪一条河流在上海市区段的称呼 吴淞江
70%
名字来源于上述河流的市辖区 松江区
70%
上海与苏州交界处的上海最大湖泊 淀山湖
70%
上海港在杭州湾中开发的港区 洋山深水港
70%
崇明岛和上海大陆部分之间的岛屿,“崇明三岛”中的另两个(写出其一即可) 长兴岛/横沙岛
64%
上述湖泊旁的上海古镇景区 朱家角古镇
62%
连接上述港区所在的岛屿与上海大陆的跨海大桥 东海大桥
53%
上述较大的岛屿上的造船基地是哪一家历史悠久的造船企业搬迁至此建设 江南造船厂
43%
浦东东面外海上的较大无人沙洲,现为湿地保护区 九段沙
34%
上述山上有国内天主教主要的朝圣地 佘山圣母大殿(佘山天主堂)
13%
No matching quizzes found
Score Distribution
Percent of People with Each Score
Percentile by Number Answered
Your Score History
You have not taken this quiz